Normal view
MARC view
Entry Topical Term
001 - CONTROL NUMBER
- control field: 44652
003 - CONTROL NUMBER IDENTIFIER
- control field: ARRUPE
005 - DATE AND TIME OF LATEST TRANSACTION
- control field: 20190214101416.0
008 - FIXED-LENGTH DATA ELEMENTS
- fixed length control field: 190214|| aca||aabn | a|a d
040 ## - CATALOGING SOURCE
- Original cataloging agency: ARRUPE
- Transcribing agency: ARRUPE
150 ## - HEADING--TOPICAL TERM
- Topical term or geographic name as entry element: Hope
- General subdivision: Religious aspects
- General subdivision: Christianity.
670 ## - SOURCE DATA FOUND
- Source citation: Work cat.: (ARRUPE)0: Kelly, Anthony, 1938- 44651, Eschatology and hope /, c2006.